000 00639nam a2200241Ia 4500
003 OSt
005 20221006160903.0
006 a|||||r|||| 00| 0
007 ta
008 221006b |||||||| |||| 00| 0 eng d
020 _a9781474242431
024 _a46,721
037 _cTextual
040 _aEASL
_cEASL
_beng
041 _2eng
_aeng
082 _aQ8412.41, Q7
100 _aSWAIN Tony
_9249454
245 0 _aConfucianism in China
_b An Introduction.
260 _aLondon
_bBloomsbury Academic
_c2017
300 _a297p.
_ccm.
942 _hQ8412.41, Q7
_cTEXL
_2CC
999 _c1114811
_d1114811